Language Quiz

Random Language or Letter Quiz

Mixed-Up: TUESDAY Quiz Stats

 Plays Quiz Updated Aug 14, 2012

Also try: Mixed Up: DIVERSE
Challenge
Share
Tweet
Embed
Score 0/55 Timer 06:00
3 Plays Today
Length Word % Correct
Four Letters (cont.)DAYS
91.3%
Four LettersDATE
78%
Four Letters (cont.)STAY
68.3%
Five LettersDATES
67.8%
Four LettersDUES
66.5%
Four Letters (cont.)SUED
58.4%
Four LettersDUET
54.5%
Four Letters (cont.)STUD
53.9%
Four LettersSATE
53.7%
Four LettersSEAT
53%
Four LettersSUET
47.3%
Four LettersTEAS
45.7%
Four LettersDUST
45.2%
Four Letters (cont.)YEAS
45%
Five LettersDUETS
44.2%
Five LettersSTEAD
42.3%
Four Letters (cont.)USED
42.1%
Five LettersYEAST
40.9%
Four LettersEATS
40%
Five LettersSTUDY
37.9%
Four LettersEAST
34.4%
Four LettersSADE
33.7%
Five LettersDUSTY
33%
Four Letters (cont.)TADS
32.2%
Six LettersSTEADY
30.3%
Four LettersATES
29.7%
Six LettersSTAYED
28%
Five LettersSATED
26%
Length Word % Correct
Four Letters (cont.)DUTY
24.2%
Four Letters (cont.)EASY
23.7%
Four Letters (cont.)AYES
21.1%
Five LettersSTADE
18.4%
Four Letters (cont.)DYES
16.8%
Four Letters (cont.)TEDS
15.2%
Four LettersUTES
11.8%
Four Letters (cont.)STYE
10.4%
Five LettersSAUTE
9.5%
Four Letters (cont.)STEY
8.5%
Four Letters (cont.)TYES
8.5%
Five LettersSAYED
7.7%
Four LettersSETA
6.7%
Six LettersSAUTED
6.3%
Four LettersETAS
5.8%
Four Letters (cont.)DEYS
5%
Five LettersSTYED
4.7%
Five LettersSUETY
3.7%
Four LettersTAUS
3.5%
Four LettersDAUT
3.1%
Five LettersDAUTS
2%
Four Letters (cont.)YAUD
1.3%
Four LettersUTAS
1.2%
Five LettersADUST
1.2%
Four Letters (cont.)EYAS
1.1%
Five LettersYAUDS
0.9%
Five LettersTSADE
0.8%

You're not logged in!

Compare scores with friends on all Sporcle quizzes.
Join for Free
OR
Log In

You Might Also Like...

Show Comments

Extras

Top Quizzes Today


Score Distribution

Your Account Isn't Verified!

In order to create a playlist on Sporcle, you need to verify the email address you used during registration. Go to your Sporcle Settings to finish the process.

Report this User

Report this user for behavior that violates our Community Guidelines.

Details: